00542nam a22002057a 45000010005000000030009000050050017000140070005000310080034000360400022000701000018000922450064001102600030001743000033002044900024002375040024002617000018002857100009003038300024003120164DO-SdBNP20160314092053.00164151005b 200 1965 xxu 00| 0 spa d aBPMSUbspacBPMSU1 aEimerl, Sarel14aThe primates /cSarel Eimerl, Irven Devore, editors of Life aNew York :bTime, c1965. a200 p :bil., retrs.c28 cm.1 aLife nature library aBibliografia p: 19312aDeVore, Irven aLife 0aLife nature library